000 00710nam a2200241 u 4500
001 61776
005 20180714063538.0
008 141118s2009 sp r 000 0 spa d
020 _a84-313-2074-5
082 0 _a212.1
_bSAN
100 1 _aSanvisens Herreros, Alejandro,
_eautor
245 1 0 _aPero, ¿quién creo a Dios? /
_cAlejandro Sanvisens Herreros.
250 _aPrimera edición
264 1 _aEspaña :
_bEunsa,
_c2003
300 _a179 páginas ;
_c22 cm.
336 _atexto
_2rdacontent
337 _asin mediación
_2rdamedia
338 _avolumen
_2rdacarrier
490 0 _aReligión ;
_vn. 329
650 0 _aExistencia de Dios
650 0 _aTeología
650 0 _aReligión
999 _c61776
_d61776